[Event "EU-ch Seniors 65 (Women)"]
[Site "Rhodes"]
[Date "2019.04.09"]
[Round "4"]
[White "Sorokina, Tamara"]
[Black "Kabanova, Irina"]
[Result "1-0"]
[WhiteElo "2051"]
[BlackElo "1816"]
[PlyCount "105"]
[EventDate "2019.04.06"]
[EventType "tourn"]
[EventRounds "9"]
[EventCountry "GRE"]
[SourceTitle "CBM 189 Extra"]
[Source "ChessBase"]
[SourceDate "2019.06.03"]
[SourceVersion "1"]
[SourceVersionDate "2019.06.03"]
[SourceQuality "1"]

1. d4 Nf6 2. Nf3 e6 3. e3 d5 4. Bd3 Be7 5. Nbd2 c5 6. c3 Nc6 7. 0-0 Qc7 8. dxc5 Bxc5 9. e4 dxe4 10. Nxe4 Nxe4 11. Bxe4 Bd6 12. Qe2 Bd7 13. Rd1 Rd8 14. Bc2 h6 15. h3 a6 16. Be3 Ne7 17. Bd4 Bb5 18. Bd3 Bxd3 19. Rxd3 Nf5 20. Rad1 Nxd4 21. Nxd4 0-0 22. Qe4 Qe7 23. Re1 g6 24. Nf3 Qf6 25. Red1 Bc7 26. Qxb7 Rxd3 27. Rxd3 Rd8 28. Qe4 Rxd3 29. Qxd3 Qf4 30. Qd2 Qe4 31. Qd1 Bb6 32. b3 g5 33. a4 e5 34. b4 Qf4 35. Qd2 Qf5 36. a5 Bc7 37. Qe2 e4 38. Nd4 Qf4 39. g3 Qc1+ 40. Kg2 Qxc3 41. Qxe4 Qxb4 42. Qe8+ Qf8 43. Qc6 Qd8 44. Nf5 Be5 45. Nxh6+ Kf8 46. Qc5+ Bd6 47. Qd5 Qe7 48. Nxf7 Qxf7 49. Qxd6+ Kg7 50. Qxa6 Qd5+ 51. Kh2 Qf3 52. Qb6 g4 53. h4 1-0

[Event "EU-ch Seniors 65 (Women)"]
[Site "Rhodes"]
[Date "2019.04.06"]
[Round "1"]
[White "Khmiadashvili, Tamari"]
[Black "Kabanova, Irina"]
[Result "1-0"]
[WhiteElo "1976"]
[BlackElo "1816"]
[PlyCount "97"]
[EventDate "2019.04.06"]
[EventType "tourn"]
[EventRounds "9"]
[EventCountry "GRE"]
[SourceTitle "CBM 189 Extra"]
[Source "ChessBase"]
[SourceDate "2019.06.03"]
[SourceVersion "1"]
[SourceVersionDate "2019.06.03"]
[SourceQuality "1"]

1. Nf3 Nf6 2. d4 e6 3. Nbd2 d5 4. e3 c5 5. Bb5+ Bd7 6. Be2 Nc6 7. Ne5 Qc7 8. Nxd7 Nxd7 9. Nf3 Nf6 10. 0-0 Be7 11. c4 0-0 12. cxd5 Nxd5 13. dxc5 Bxc5 14. Qc2 Be7 15. Bd2 Rac8 16. Qe4 Bf6 17. Rab1 Qe7 18. Qa4 Nb6 19. Qb3 Rfd8 20. Rfd1 h6 21. a4 Ne5 22. a5 Nbc4 23. Bb4 Nxf3+ 24. gxf3 Qc7 25. Rxd8+ Bxd8 26. Rc1 b5 27. axb6 Qxb6 28. Rxc4 Rb8 29. Qc2 a5 30. Ba3 Qb7 31. Qe4 Qb5 32. Bd3 Qg5+ 33. Kf1 g6 34. h4 Qf5 35. Qxf5 gxf5 36. Ke2 Bf6 37. Ra4 Bxb2 38. Rxa5 Bxa3 39. Rxa3 Rb2+ 40. Kf1 Kg7 41. f4 Kf6 42. Be2 Rb8 43. Ra7 Re8 44. Bh5 Re7 45. Rxe7 Kxe7 46. Ke2 f6 47. Kd3 e5 48. Bg6 Ke6 49. Kc4 1-0

[Event "Wch Seniors 65 (Women) 28th"]
[Site "Bled"]
[Date "2018.11.26"]
[Round "8"]
[White "Kabanova, Irina"]
[Black "Ristoja, Aulikki"]
[Result "1/2-1/2"]
[WhiteElo "1856"]
[BlackElo "1505"]
[PlyCount "28"]
[EventDate "2018.11.18"]
[EventType "swiss"]
[EventRounds "11"]
[EventCountry "SLO"]
[SourceTitle "CBM 187 Extra"]
[Source "ChessBase"]
[SourceDate "2018.11.04"]
[SourceVersion "1"]
[SourceVersionDate "2018.11.04"]
[SourceQuality "1"]

1. e4 d5 2. exd5 Qxd5 3. d4 c6 4. Nf3 Bg4 5. Be2 e6 6. 0-0 Nf6 7. h3 Bxf3 8. Bxf3 Qd6 9. Nc3 Nbd7 10. Be3 h6 11. Qd2 g5 12. Rfe1 Bg7 13. Rad1 0-0-0 14. a3 Nd5 1/2-1/2

[Event "Wch Seniors 65 (Women) 28th"]
[Site "Bled"]
[Date "2018.11.25"]
[Round "7"]
[White "Kabanova, Irina"]
[Black "Norman, Dinah M"]
[Result "1/2-1/2"]
[WhiteElo "1856"]
[BlackElo "1659"]
[PlyCount "29"]
[EventDate "2018.11.18"]
[EventType "swiss"]
[EventRounds "11"]
[EventCountry "SLO"]
[SourceTitle "CBM 187 Extra"]
[Source "ChessBase"]
[SourceDate "2018.11.04"]
[SourceVersion "1"]
[SourceVersionDate "2018.11.04"]
[SourceQuality "1"]

1. e4 d5 2. exd5 Qxd5 3. d4 Nf6 4. Nf3 c6 5. Be2 Bf5 6. 0-0 e6 7. c4 Qd8 8. Bf4 Be7 9. Qb3 Qb6 10. Nc3 Nbd7 11. c5 Qxb3 12. axb3 0-0 13. Bc4 Nd5 14. Bxd5 exd5 15. Rfe1 1/2-1/2

[Event "Wch Seniors 65 (Women) 28th"]
[Site "Bled"]
[Date "2018.11.23"]
[Round "6"]
[White "Florea, Dorina"]
[Black "Kabanova, Irina"]
[Result "1/2-1/2"]
[WhiteElo "1721"]
[BlackElo "1856"]
[PlyCount "65"]
[EventDate "2018.11.18"]
[EventType "swiss"]
[EventRounds "11"]
[EventCountry "SLO"]
[SourceTitle "CBM 187 Extra"]
[Source "ChessBase"]
[SourceDate "2018.11.04"]
[SourceVersion "1"]
[SourceVersionDate "2018.11.04"]
[SourceQuality "1"]

1. e4 c5 2. Nf3 e6 3. d4 cxd4 4. Nxd4 a6 5. c4 Qc7 6. Nc3 Nf6 7. Be2 Be7 8. 0-0 d6 9. Be3 b6 10. Rc1 Nbd7 11. f3 Bb7 12. a3 Rc8 13. h3 Qb8 14. b4 0-0 15. Qb3 h6 16. Nc2 Nh5 17. Kh2 Bh4 18. Bf2 Bxf2 19. Rxf2 d5+ 20. Kg1 dxc4 21. Bxc4 Ne5 22. Ne3 b5 23. Bf1 Ng3 24. Rd2 Nxf1 25. Kxf1 Nc4 26. Nxc4 Rxc4 27. Rcd1 Qe5 28. Ne2 Qf6 29. Kg1 Bc8 30. Qe3 e5 31. Rd6 Qg5 32. Qxg5 hxg5 33. Kf2 1/2-1/2

[Event "Wch Seniors 65 (Women) 28th"]
[Site "Bled"]
[Date "2018.11.21"]
[Round "4"]
[White "Serjmyadag, Damdin"]
[Black "Kabanova, Irina"]
[Result "1-0"]
[WhiteElo "1864"]
[BlackElo "1856"]
[PlyCount "137"]
[EventDate "2018.11.18"]
[EventType "swiss"]
[EventRounds "11"]
[EventCountry "SLO"]
[SourceTitle "CBM 187 Extra"]
[Source "ChessBase"]
[SourceDate "2018.11.04"]
[SourceVersion "1"]
[SourceVersionDate "2018.11.04"]
[SourceQuality "1"]

1. e4 c5 2. Nf3 e6 3. c4 Nc6 4. Nc3 a6 5. d3 Qc7 6. Be3 Nf6 7. Qd2 Be7 8. Be2 d6 9. d4 cxd4 10. Nxd4 Bd7 11. f4 Nxd4 12. Bxd4 Bc6 13. Bf3 0-0 14. 0-0 e5 15. Be3 Rac8 16. Rac1 Qd7 17. h3 Qd8 18. Rfd1 Nd7 19. Bg4 Rb8 20. Bxd7 exf4 21. Bxf4 Bxd7 22. Nd5 Bc6 23. Nxe7+ Qxe7 24. Bxd6 Qxe4 25. Bxb8 Rxb8 26. Re1 Qh4 27. Qf2 Qg5 28. Rcd1 Rf8 29. Rd3 g6 30. Rg3 Qa5 31. b3 Qc7 32. Rge3 Qd6 33. R3e2 Kg7 34. Rd2 Qf6 35. Qxf6+ Kxf6 36. Red1 Re8 37. Rf1+ Kg7 38. Rdf2 Re7 39. g4 h6 40. Kh2 Bd7 41. Kg3 Bc6 42. Kh2 Bd7 43. Rd1 Bc6 44. h4 Bd7 45. g5 hxg5 46. hxg5 Bc6 47. Rdf1 Bd7 48. Rf4 Bc6 49. R1f2 Bd7 50. Kg3 Bc6 51. Rh2 Re5 52. Kh4 Re7 53. Rhf2 Bd7 54. Rd4 Bc6 55. b4 Bd7 56. Rb2 Bc6 57. b5 axb5 58. cxb5 Bd7 59. a4 Bf5 60. Kg3 f6 61. gxf6+ Kxf6 62. Rd6+ Kg5 63. Rb3 Re4 64. Ra3 Rg4+ 65. Kf2 Be4 66. Rg3 Rxg3 67. Kxg3 Kf5 68. a5 Ke5 69. Rd2 1-0

[Event "EU-ch Seniors 65 18th"]
[Site "Drammen"]
[Date "2018.08.12"]
[Round "9"]
[White "Kabanova, Irina"]
[Black "Rubinstein, Mark"]
[Result "1-0"]
[WhiteElo "1847"]
[BlackElo "1850"]
[PlyCount "81"]
[EventDate "2018.08.04"]
[EventType "swiss"]
[EventRounds "9"]
[EventCountry "NOR"]
[SourceTitle "CBM 186 Extra"]
[Source "ChessBase"]
[SourceDate "2018.08.24"]
[SourceVersion "1"]
[SourceVersionDate "2018.08.24"]
[SourceQuality "1"]

1. e4 c5 2. Nf3 b6 3. d4 e6 4. dxc5 Bxc5 5. a3 a5 6. Bd3 Bb7 7. Nc3 d5 8. Bb5+ Kf8 9. 0-0 h6 10. exd5 exd5 11. Na4 Nf6 12. Nd4 Na6 13. c3 Nc7 14. Bd3 Ba6 15. Bxa6 Nxa6 16. b4 Bd6 17. h3 g6 18. Be3 Bc7 19. Qf3 Kg7 20. g3 Qd7 21. b5 Nc5 22. Nxc5 bxc5 23. Nc6 Ne4 24. Kg2 h5 25. Bf4 h4 26. g4 f5 27. Ne5 Qe7 28. Nc6 Qd7 29. gxf5 Bxf4 30. Qxf4 Qxf5 31. Qxf5 gxf5 32. Rac1 f4 33. f3 Nf6 34. a4 Rh5 35. Kf2 Rg5 36. Rg1 Rxg1 37. Rxg1+ Kf8 38. Re1 Re8 39. Re5 d4 40. cxd4 cxd4 41. Rf5 1-0

[Event "EU-ch Seniors 65 18th"]
[Site "Drammen"]
[Date "2018.08.11"]
[Round "8"]
[White "Sather, Lars"]
[Black "Kabanova, Irina"]
[Result "0-1"]
[WhiteElo "1720"]
[BlackElo "1847"]
[PlyCount "86"]
[EventDate "2018.08.04"]
[EventType "swiss"]
[EventRounds "9"]
[EventCountry "NOR"]
[SourceTitle "CBM 186 Extra"]
[Source "ChessBase"]
[SourceDate "2018.08.24"]
[SourceVersion "1"]
[SourceVersionDate "2018.08.24"]
[SourceQuality "1"]

1. d4 Nf6 2. c4 e6 3. Nc3 Bb4 4. f3 c5 5. dxc5 Bxc5 6. e3 Nc6 7. a3 a5 8. Nge2 0-0 9. Ng3 d5 10. cxd5 exd5 11. Bb5 Re8 12. Bxc6 bxc6 13. 0-0 Bxe3+ 14. Bxe3 Rxe3 15. Qc2 Ba6 16. Rfe1 Qb6 17. Qf2 Rxe1+ 18. Rxe1 Qxf2+ 19. Kxf2 Rb8 20. Na4 g6 21. Rc1 Bc4 22. Ne2 Bb5 23. Nec3 Bc4 24. Ke3 Nd7 25. Rc2 Kf8 26. Rd2 Ke7 27. Kf4 f6 28. h4 h6 29. g4 g5+ 30. hxg5 fxg5+ 31. Kg3 Rf8 32. Ne2 Bxe2 33. Rxe2+ Kd6 34. b4 axb4 35. axb4 Ne5 36. Re3 d4 37. Rb3 d3 38. Nc5 Rxf3+ 39. Kg2 Re3 40. Rb2 Kd5 41. Rd2 Kc4 42. Na6 Nxg4 43. Nb8 Re2+ 0-1

[Event "EU-ch Seniors 65 18th"]
[Site "Drammen"]
[Date "2018.08.09"]
[Round "6"]
[White "Hohler, Peter"]
[Black "Kabanova, Irina"]
[Result "1-0"]
[WhiteElo "2091"]
[BlackElo "1847"]
[PlyCount "102"]
[EventDate "2018.08.04"]
[EventType "swiss"]
[EventRounds "9"]
[EventCountry "NOR"]
[SourceTitle "CBM 186 Extra"]
[Source "ChessBase"]
[SourceDate "2018.08.24"]
[SourceVersion "1"]
[SourceVersionDate "2018.08.24"]
[SourceQuality "1"]

1. d4 Nf6 2. c4 e6 3. Nf3 Bb4+ 4. Nbd2 0-0 5. a3 Bxd2+ 6. Qxd2 d5 7. e3 Nbd7 8. b4 Ne4 9. Qc2 f5 10. Bd3 Ndf6 11. Ne5 dxc4 12. Bxc4 Nd5 13. 0-0 c6 14. Bd3 Nd6 15. Bd2 a6 16. Rae1 Nf6 17. Bc3 Bd7 18. Nc4 Be8 19. Bd2 Bg6 20. Ne5 Qe8 21. Qb3 Nfe4 22. Bc1 Bf7 23. Qc2 Bh5 24. Bb2 Qe7 25. f3 Nf6 26. e4 fxe4 27. fxe4 h6 28. Qc5 Nc8 29. Qxe7 Nxe7 30. Bc4 Kh7 31. Bxe6 a5 32. bxa5 Rxa5 33. g4 Be8 34. Bc3 Rb5 35. Bb4 c5 36. Bxc5 Rxc5 37. dxc5 Bb5 38. Rf3 Rd8 39. Rb3 Ba6 40. Nf3 Nc6 41. e5 Ne8 42. Kg2 Ne7 43. g5 Nc7 44. Bg4 Ncd5 45. Kg3 Rf8 46. Re4 g6 47. gxh6 Nf5+ 48. Bxf5 gxf5 49. Rd4 f4+ 50. Kf2 Ne3 51. Rd7+ Kxh6 1-0

[Event "EU-ch Seniors 65 18th"]
[Site "Drammen"]
[Date "2018.08.06"]
[Round "3"]
[White "Kabanova, Irina"]
[Black "Svensson, Leif"]
[Result "1/2-1/2"]
[WhiteElo "1847"]
[BlackElo "2052"]
[PlyCount "32"]
[EventDate "2018.08.04"]
[EventType "swiss"]
[EventRounds "9"]
[EventCountry "NOR"]
[SourceTitle "CBM 186 Extra"]
[Source "ChessBase"]
[SourceDate "2018.08.24"]
[SourceVersion "1"]
[SourceVersionDate "2018.08.24"]
[SourceQuality "1"]

1. e4 e5 2. Nf3 Nf6 3. d4 Nxe4 4. Nxe5 d5 5. Bd3 Nd7 6. Nxd7 Bxd7 7. Nd2 Nxd2 8. Bxd2 Qe7+ 9. Be3 0-0-0 10. 0-0 Qh4 11. Qf3 Be6 12. g3 Qg4 13. Qxg4 Bxg4 14. f3 Bd7 15. c4 dxc4 16. Bxc4 Be6 1/2-1/2

[Event "EU-ch Seniors 65 18th"]
[Site "Drammen"]
[Date "2018.08.04"]
[Round "1"]
[White "Kabanova, Irina"]
[Black "Malmdin, Nils Ake"]
[Result "0-1"]
[WhiteElo "1847"]
[BlackElo "2135"]
[PlyCount "84"]
[EventDate "2018.08.04"]
[EventType "swiss"]
[EventRounds "9"]
[EventCountry "NOR"]
[SourceTitle "CBM 186 Extra"]
[Source "ChessBase"]
[SourceDate "2018.08.24"]
[SourceVersion "1"]
[SourceVersionDate "2018.08.24"]
[SourceQuality "1"]

1. e4 g6 2. d4 Bg7 3. Nc3 c5 4. Be3 Qa5 5. Qd2 cxd4 6. Bxd4 Nf6 7. f3 Nc6 8. Be3 0-0 9. Bd3 d5 10. Nxd5 Nxd5 11. exd5 Bxb2 12. Qxa5 Nxa5 13. Rb1 Bc3+ 14. Kf2 b6 15. Ne2 Be5 16. f4 Bd6 17. Nd4 Bb7 18. c4 Rfc8 19. Rbc1 Ba6 20. Nb5 Bc5 21. g4 Nb7 22. Nd4 e6 23. Nb5 Bxb5 24. cxb5 exd5 25. Rce1 Re8 26. Kf3 Bxe3 27. Rxe3 Nc5 28. Bc2 d4 29. Rxe8+ Rxe8 30. Rd1 Re3+ 31. Kf2 Rh3 32. Bb1 Rxh2+ 33. Kf3 Rb2 34. Bd3 Rxa2 35. Bc4 Ra3+ 36. Kg2 d3 37. Kf3 Rc3 38. Bd5 Kg7 39. Ke3 h5 40. gxh5 gxh5 41. Rd2 Kf6 42. Kd4 Rc2 0-1

[Event "EU-ch Seniors 65 16th"]
[Site "Yerevan"]
[Date "2016.06.11"]
[Round "7"]
[White "Muratoglu, Salih"]
[Black "Kabanova, Irina"]
[Result "0-1"]
[WhiteElo "2053"]
[BlackElo "1903"]
[PlyCount "58"]
[EventDate "2016.06.05"]
[EventType "swiss"]
[EventRounds "9"]
[EventCountry "ARM"]
[SourceTitle "CBM 172 Extra"]
[Source "ChessBase"]
[SourceDate "2016.06.21"]
[SourceVersion "1"]
[SourceVersionDate "2016.06.21"]
[SourceQuality "1"]

1. d4 Nf6 2. c4 e6 3. Nc3 Bb4 4. Qc2 d5 5. e3 0-0 6. a3 Bxc3+ 7. bxc3 c5 8. Nf3 Nc6 9. Bd3 dxc4 10. Bxc4 Na5 11. Ba2 b6 12. 0-0 Bb7 13. Ne5 Rc8 14. Qe2 Qc7 15. Bd2 c4 16. Rab1 Nd7 17. f4 Be4 18. Rb4 Nxe5 19. fxe5 Bd3 20. Qg4 f5 21. Qg3 Qc6 22. Rc1 Qe4 23. Qf3 Rf7 24. Bb1 Nb3 25. Qxe4 fxe4 26. Bxd3 exd3 27. Rxb3 cxb3 28. Rb1 Rcf8 29. c4 Rf1+ 0-1

[Event "Wch Seniors 65 (Women) 25th"]
[Site "Acqui Terme"]
[Date "2015.11.21"]
[Round "9"]
[White "Kabanova, Irina"]
[Black "Fatalibekova, Elena"]
[Result "0-1"]
[WhiteElo "1954"]
[BlackElo "2242"]
[PlyCount "88"]
[EventDate "2015.11.10"]
[EventType "tourn"]
[EventRounds "9"]
[EventCountry "ITA"]
[SourceTitle "CBM 169 Extra"]
[Source "ChessBase"]
[SourceDate "2015.12.18"]
[SourceVersion "1"]
[SourceVersionDate "2015.12.18"]
[SourceQuality "1"]

1. e4 c5 2. Nf3 Nc6 3. d4 cxd4 4. Nxd4 Qb6 5. Nb3 Nf6 6. Nc3 e6 7. Be3 Qc7 8. a3 a6 9. Be2 b5 10. 0-0 b4 11. axb4 Bxb4 12. f3 Bxc3 13. bxc3 d6 14. Qd2 0-0 15. Rfd1 d5 16. exd5 Nxd5 17. Bf2 Ne5 18. Nc5 a5 19. Bb5 Ng6 20. c4 Ndf4 21. Qe3 e5 22. Qe4 Rb8 23. Qe1 Qe7 24. Rxa5 Bf5 25. Nd7 Rxb5 26. Nxf8 Qg5 27. Bg3 Rxa5 28. Nxg6 Ra8 29. Nxf4 exf4 30. Bh4 Qg6 31. Rd8+ Rxd8 32. Bxd8 h6 33. Be7 Bxc2 34. c5 Ba4 35. Bd6 Bc6 36. Qd1 Qf5 37. h3 g5 38. Kh2 Qe6 39. Kg1 Qe3+ 40. Kh1 h5 41. Qf1 g4 42. hxg4 hxg4 43. fxg4 f3 44. g3 f2+ 0-1

[Event "Wch Seniors 65 (Women) 25th"]
[Site "Acqui Terme"]
[Date "2015.11.15"]
[Round "5"]
[White "Sorokina, Tamara"]
[Black "Kabanova, Irina"]
[Result "1-0"]
[WhiteElo "2116"]
[BlackElo "1954"]
[PlyCount "67"]
[EventDate "2015.11.10"]
[EventType "tourn"]
[EventRounds "9"]
[EventCountry "ITA"]
[SourceTitle "CBM 169 Extra"]
[Source "ChessBase"]
[SourceDate "2015.12.18"]
[SourceVersion "1"]
[SourceVersionDate "2015.12.18"]
[SourceQuality "1"]

1. d4 Nf6 2. Nf3 e6 3. Bg5 Be7 4. e3 c5 5. c3 h6 6. Bh4 d6 7. Bd3 Nbd7 8. Nbd2 Qc7 9. Bg3 b6 10. e4 e5 11. dxe5 Nxe5 12. Nxe5 dxe5 13. Nc4 Nd7 14. Ne3 0-0 15. Nd5 Qd8 16. 0-0 Bh4 17. Qe2 Bxg3 18. fxg3 a6 19. a4 Nf6 20. Nxf6+ gxf6 21. Bc4 Qe7 22. Rf2 Rd8 23. Raf1 Rd6 24. Qh5 Kg7 25. h4 Bd7 26. Qe2 a5 27. g4 Be6 28. Bxe6 Rxe6 29. Rf5 Rf8 30. Qe3 Kg6 31. Qg3 c4 32. g5 hxg5 33. Rxf6+ Kh7 34. Qxg5 1-0

[Event "Wch Seniors 65 (Women) 25th"]
[Site "Acqui Terme"]
[Date "2015.11.12"]
[Round "3"]
[White "Tsifanskaya, Ludmila A"]
[Black "Kabanova, Irina"]
[Result "1/2-1/2"]
[WhiteElo "2077"]
[BlackElo "1954"]
[PlyCount "125"]
[EventDate "2015.11.10"]
[EventType "tourn"]
[EventRounds "9"]
[EventCountry "ITA"]
[SourceTitle "CBM 169 Extra"]
[Source "ChessBase"]
[SourceDate "2015.12.18"]
[SourceVersion "1"]
[SourceVersionDate "2015.12.18"]
[SourceQuality "1"]

1. e4 c5 2. Nf3 e6 3. b3 Nc6 4. Bb2 Qc7 5. g3 d6 6. Bg2 e5 7. 0-0 Nf6 8. Re1 Be7 9. c3 0-0 10. h3 b5 11. d4 Bd7 12. d5 Na5 13. Nbd2 c4 14. b4 Nb7 15. Qe2 g6 16. Qe3 Kg7 17. Nf1 h6 18. Bc1 Rh8 19. g4 Ng8 20. Ng3 Qd8 21. Bd2 Qb6 22. Qe2 a5 23. a3 a4 24. Be3 Qd8 25. Qd2 Bf6 26. Rf1 Be7 27. Nh2 Bh4 28. Ne2 Be7 29. f4 f6 30. Rf2 Qc7 31. Raf1 Rf8 32. Ng3 Qd8 33. Nf3 Qc8 34. Kh2 Rf7 35. Ng1 Rf8 36. Qe2 Rh7 37. Bf3 Kh8 38. f5 g5 39. Nh5 Rff7 40. Bg2 Qd8 41. Rf3 Rf8 42. h4 Be8 43. Rh3 Bxh5 44. gxh5 Qe8 45. Bf3 Bd8 46. Bg4 Qe7 47. Nf3 Bc7 48. Qd2 Nd8 49. Qe2 Nf7 50. Nd2 Qd7 51. Nf3 Qd8 52. Qf2 Ne7 53. Rh1 Ng8 54. Kg2 Qd7 55. Kf1 Rb8 56. Qd2 Bd8 57. Qg2 Qe7 58. Nd2 Qb7 59. Qf2 Qe7 60. hxg5 fxg5 61. f6 Nxf6 62. Bf5 Rg7 63. Bg6 1/2-1/2

[Event "Wch Seniors (Women) 24th"]
[Site "Katerini"]
[Date "2014.11.04"]
[Round "11"]
[White "Kabanova, Irina"]
[Black "Melashvili, Nino"]
[Result "0-1"]
[WhiteElo "1933"]
[BlackElo "2135"]
[PlyCount "98"]
[EventDate "2014.10.24"]
[EventType "swiss"]
[EventRounds "11"]
[EventCountry "GRE"]
[SourceTitle "EXT 2015"]
[Source "ChessBase"]
[SourceDate "2014.11.20"]
[SourceVersion "1"]
[SourceVersionDate "2014.11.20"]
[SourceQuality "1"]

1. e4 c5 2. Nf3 a6 3. c3 d6 4. d4 Nd7 5. Be2 Qc7 6. Be3 Ngf6 7. Nfd2 e6 8. 0-0 Be7 9. a4 b6 10. Na3 Bb7 11. f3 0-0 12. Re1 Ne8 13. f4 e5 14. fxe5 dxe5 15. Bf3 cxd4 16. cxd4 exd4 17. Bxd4 Bd6 18. Nf1 Ne5 19. Rc1 Qd8 20. Bxe5 Bxe5 21. Qb3 Qd4+ 22. Kh1 Qxb2 23. Rb1 Qf2 24. Re2 Qh4 25. Nc4 Bc7 26. Nxb6 Rb8 27. Qa2 Nf6 28. Qc2 Bxb6 29. Rxb6 Bxe4 30. Qb2 Rxb6 31. Qxb6 Bxf3 32. gxf3 Qxa4 33. Ng3 Nd5 34. Qf2 Nf4 35. Rd2 h6 36. Nf1 Qc6 37. h4 Re8 38. Kh2 Qg6 39. Ng3 Nd3 40. Qd4 Ne5 41. Kg2 Qc6 42. Qf4 Nc4 43. Rd3 Ne5 44. Rd2 a5 45. Ne4 Nxf3 46. Kxf3 f5 47. Kg3 Qxe4 48. Qf3 Qxf3+ 49. Kxf3 Re4 0-1

[Event "Wch Seniors (Women) 24th"]
[Site "Katerini"]
[Date "2014.10.28"]
[Round "5"]
[White "Pelias, Marilyn"]
[Black "Kabanova, Irina"]
[Result "0-1"]
[WhiteElo "1613"]
[BlackElo "1933"]
[PlyCount "102"]
[EventDate "2014.10.24"]
[EventType "swiss"]
[EventRounds "11"]
[EventCountry "GRE"]
[SourceTitle "EXT 2015"]
[Source "ChessBase"]
[SourceDate "2014.11.20"]
[SourceVersion "1"]
[SourceVersionDate "2014.11.20"]
[SourceQuality "1"]

1. e4 c5 2. d4 cxd4 3. c3 d5 4. Qa4+ Bd7 5. Qxd4 dxe4 6. Qxe4 Bc6 7. Qd3 Qxd3 8. Bxd3 Bxg2 9. f3 Nc6 10. Bf4 e5 11. Bg3 Bxh1 12. Nd2 Rd8 13. Be4 Bc5 14. Ne2 Nf6 15. Bxc6+ bxc6 16. Bxe5 Ke7 17. Nd4 Rc8 18. 0-0-0 Bxd4 19. Bxd4 c5 20. Re1+ Kd7 21. Bxf6 gxf6 22. Rxh1 f5 23. Nc4 Ke6 24. f4 Kd5 25. Ne5 f6 26. Rd1+ Ke6 27. Nf3 Rcd8 28. Re1+ Kf7 29. b4 Rhe8 30. Rxe8 Rxe8 31. bxc5 Re3 32. Nh4 Rxc3+ 33. Kb2 Rxc5 34. Kb3 Ke6 35. Nf3 Kd5 36. Nd2 Kd4 37. Kb4 Rc2 38. Nb3+ Ke3 39. a4 Kxf4 40. Ka5 Ke3 41. Ka6 Rc4 42. a5 Rc7 43. Nc1 Rxc1 44. Kb5 f4 45. Ka6 f3 46. Kxa7 f2 47. Kb7 f1Q 48. a6 Qb5+ 49. Ka7 Rc7+ 50. Ka8 Rc8+ 51. Ka7 Qb8# 0-1

[Event "EU-ch Seniors 65 Blitz"]
[Site "Porto"]
[Date "2014.03.21"]
[Round "2"]
[White "Kabanova, Irina"]
[Black "Santos, Amadeu Solha"]
[Result "1-0"]
[WhiteElo "1981"]
[BlackElo "1622"]
[PlyCount "55"]
[EventDate "2014.03.21"]
[EventType "swiss (blitz)"]
[EventRounds "9"]
[EventCountry "POR"]
[SourceTitle "EXT 2015"]
[Source "ChessBase"]
[SourceDate "2014.11.20"]
[SourceVersion "1"]
[SourceVersionDate "2014.11.20"]
[SourceQuality "1"]

1. e4 e5 2. Nf3 Nc6 3. d4 d6 4. h3 Bd7 5. Nc3 Nf6 6. dxe5 dxe5 7. Bc4 Be6 8. Qxd8+ Rxd8 9. Bxe6 fxe6 10. Be3 b6 11. 0-0 Bd6 12. Rad1 0-0 13. a3 Ne7 14. Ng5 Rd7 15. Nxe6 Re8 16. Ng5 Ng6 17. g3 Nh5 18. Kg2 Rf7 19. Nxf7 Kxf7 20. Nd5 c6 21. Nxb6 axb6 22. Rxd6 Nf6 23. f3 Ne7 24. Rfd1 Rb8 25. R6d3 Kg6 26. Rb3 Nc8 27. Rd8 Nh5 28. h4 1-0

[Event "EU-ch Seniors 65 Blitz"]
[Site "Porto"]
[Date "2014.03.21"]
[Round "3"]
[White "Kozlovskaya, Valentina"]
[Black "Kabanova, Irina"]
[Result "0-1"]
[WhiteElo "2181"]
[BlackElo "1981"]
[PlyCount "74"]
[EventDate "2014.03.21"]
[EventType "swiss (blitz)"]
[EventRounds "9"]
[EventCountry "POR"]
[SourceTitle "EXT 2015"]
[Source "ChessBase"]
[SourceDate "2014.11.20"]
[SourceVersion "1"]
[SourceVersionDate "2014.11.20"]
[SourceQuality "1"]

1. d4 Nf6 2. c4 e6 3. Nc3 Bb4 4. Qc2 0-0 5. a3 Bxc3+ 6. Qxc3 d5 7. Nf3 c5 8. dxc5 Nc6 9. Bg5 d4 10. Qc2 e5 11. Rd1 a5 12. e3 h6 13. Bh4 g5 14. Bg3 e4 15. Nxd4 Nxd4 16. Rxd4 Qe8 17. Be2 Kg7 18. 0-0 Bf5 19. Rd6 Nd7 20. Qc3+ f6 21. b4 axb4 22. axb4 Ra2 23. Bh5 Qa8 24. h3 Ra3 25. Qd2 Ra2 26. Qd5 Ne5 27. Bxe5 fxe5 28. Qxe5+ Kh7 29. Qe7+ Kg8 30. Rxh6 Qd8 31. Qxg5+ Qxg5 32. Rb6 Rf6 33. Bd1 Bxh3 34. g3 Rxb6 35. cxb6 Bg4 36. Bb3 Rb2 37. Bd1 Bf3 0-1

[Event "EU-ch Seniors 65 Rapid"]
[Site "Porto"]
[Date "2014.03.20"]
[Round "7"]
[White "Brandao, Alvaro"]
[Black "Kabanova, Irina"]
[Result "1-0"]
[WhiteElo "1601"]
[BlackElo "1966"]
[PlyCount "65"]
[EventDate "2014.03.19"]
[EventType "swiss (rapid)"]
[EventRounds "9"]
[EventCountry "POR"]
[SourceTitle "EXT 2015"]
[Source "ChessBase"]
[SourceDate "2014.11.20"]
[SourceVersion "1"]
[SourceVersionDate "2014.11.20"]
[SourceQuality "1"]

1. Nf3 Nf6 2. b3 d5 3. Bb2 e6 4. e3 Be7 5. d3 c5 6. Nbd2 0-0 7. g3 Nc6 8. a4 Qc7 9. Bg2 b6 10. 0-0 Bb7 11. h3 Rad8 12. Re1 e5 13. d4 e4 14. Nh2 Bc8 15. Ndf1 Bd6 16. dxc5 Be5 17. cxb6 axb6 18. c3 Ba6 19. Ng4 Nxg4 20. Qxg4 f5 21. Qd1 Rf6 22. Qd2 Rg6 23. b4 Bc4 24. a5 bxa5 25. bxa5 Nxa5 26. Ra3 Rb8 27. Rea1 Ra6 28. Qc2 Rba8 29. Nd2 Bd3 30. Qa4 Bd6 31. Qd4 Qc6 32. c4 Bxa3 33. Qxg7# 1-0

[Event "EU-ch Seniors 65 Rapid"]
[Site "Porto"]
[Date "2014.03.19"]
[Round "2"]
[White "Kabanova, Irina"]
[Black "Santos, Amadeu Solha"]
[Result "1-0"]
[WhiteElo "1966"]
[BlackElo "1614"]
[PlyCount "31"]
[EventDate "2014.03.19"]
[EventType "swiss (rapid)"]
[EventRounds "9"]
[EventCountry "POR"]
[SourceTitle "EXT 2015"]
[Source "ChessBase"]
[SourceDate "2014.11.20"]
[SourceVersion "1"]
[SourceVersionDate "2014.11.20"]
[SourceQuality "1"]

1. e4 e5 2. Nf3 Nc6 3. d4 exd4 4. Bc4 h6 5. c3 Nf6 6. e5 Qe7 7. 0-0 Nh5 8. cxd4 d6 9. exd6 Qxd6 10. Re1+ Be7 11. Nc3 Bg4 12. Ne4 Qg6 13. Qb3 Nxd4 14. Nxd4 Bc5 15. Bxf7+ Qxf7 16. Nd6+ 1-0

[Event "EU-ch Seniors 65 Rapid"]
[Site "Porto"]
[Date "2014.03.19"]
[Round "1"]
[White "Schouten, Nico"]
[Black "Kabanova, Irina"]
[Result "1-0"]
[WhiteElo "2179"]
[BlackElo "1966"]
[PlyCount "49"]
[EventDate "2014.03.19"]
[EventType "swiss (rapid)"]
[EventRounds "9"]
[EventCountry "POR"]
[SourceTitle "EXT 2015"]
[Source "ChessBase"]
[SourceDate "2014.11.20"]
[SourceVersion "1"]
[SourceVersionDate "2014.11.20"]
[SourceQuality "1"]

1. b4 e5 2. Bb2 Bxb4 3. Bxe5 Nf6 4. e3 Nc6 5. Bxf6 Qxf6 6. c3 Be7 7. Nf3 d5 8. d4 a6 9. Be2 h6 10. Nbd2 0-0 11. 0-0 Bd6 12. c4 Ne7 13. c5 Bxc5 14. dxc5 c6 15. Rb1 Ng6 16. Qa4 Re8 17. Nd4 Re7 18. N2f3 Bg4 19. Nxc6 bxc6 20. Qxg4 Re4 21. Qg3 Ra4 22. Rb8+ Rxb8 23. Qxb8+ Kh7 24. Qb3 a5 25. Qxa4 1-0